000
00332nam a2200157Ia 4500
100
_a
Soman/K.P
942
_c
BK
366
_f
15
654
_a
wavelets
245
_a
Insight into Wavelets:From theory to practice
260
_b
prentice hall
_c
2004
082
_a
5.746
_b
SOM
300
_a
293
546
_a
ENGLISH
999
_c
20373
_d
20373